[Event "POL-chT Otwarta Lubelska"]
[Site "Wojewodztwo Lubelskie"]
[Date "2013.03.10"]
[Round "14.14"]
[White "Polkowski, Piotr"]
[Black "Probola, Bartosz"]
[Result "1/2-1/2"]
[WhiteElo "2191"]
[BlackElo "2096"]
[PlyCount "143"]
[EventDate "2013.01.06"]
[EventType "team-tourn"]
[EventRounds "14"]
[EventCountry "POL"]
[SourceTitle "EXT 2020"]
[Source "ChessBase"]
[SourceDate "2019.10.17"]
[SourceVersion "1"]
[SourceVersionDate "2019.10.17"]
[SourceQuality "1"]
[WhiteTeam "Lublin AZS UMCS"]
[BlackTeam "Lubelski LUKS Tomasovia Tomaszow"]
[WhiteTeamCountry "POL"]
[BlackTeamCountry "POL"]

1. e4 e5 2. Nc3 Nf6 3. Nf3 Nc6 4. Bb5 d6 5. d3 g6 6. d4 exd4 7. Nxd4 Bd7 8. Bg5 h6 9. Be3 Bg7 10. Nxc6 Bxc6 11. Bxc6+ bxc6 12. 0-0 0-0 13. f3 Rb8 14. Rb1 Rb7 15. Qd3 c5 16. Rfd1 Qe7 17. b3 Re8 18. Qa6 Rbb8 19. Qxa7 Ra8 20. Qb7 Qd7 21. Qb5 Qxb5 22. Nxb5 Rxa2 23. Nxc7 Rc8 24. Nb5 Rxc2 25. Nxd6 Ra8 26. Nc4 Raa2 27. Rd2 Rxd2 28. Bxd2 Nd7 29. Be3 Bd4 30. Rd1 Bxe3+ 31. Nxe3 Ne5 32. Rd5 Nc6 33. Rxc5 Nd4 34. b4 Rb2 35. Rc4 Ne2+ 36. Kf1 Nf4 37. Nc2 Nd3 38. g3 Ne5 39. Rc3 Nxf3 40. Rxf3 Rxc2 41. Rb3 Rxh2 42. b5 Rd2 43. b6 Rd8 44. Ke2 Kf8 45. Ke3 Ke7 46. Kf4 Rb8 47. Ke5 Rb7 48. Kd5 Kd7 49. Kc5 Kc8 50. Ra3 Kb8 51. Rd3 Re7 52. Rd8+ Kb7 53. Rf8 h5 54. Rd8 Re5+ 55. Kd4 Rg5 56. Rd7+ Kxb6 57. Rxf7 Rxg3 58. Kd5 h4 59. e5 h3 60. Rh7 g5 61. e6 Re3 62. e7 g4 63. Rh6+ Kc7 64. Re6 h2 65. e8Q h1Q+ 66. Kd4 Rxe6 67. Qxe6 Qd1+ 68. Kc3 Qf3+ 69. Kd2 g3 70. Qe7+ Kc6 71. Qe6+ Kc5 72. Qe3+ 1/2-1/2

[Event "EU-ch rapid"]
[Site "Warsaw"]
[Date "2011.12.17"]
[Round "6"]
[White "Probola, Bartosz"]
[Black "Sieciechowicz, Marcin"]
[Result "0-1"]
[WhiteElo "2094"]
[BlackElo "2441"]
[PlyCount "28"]
[EventDate "2011.12.17"]
[EventType "swiss (rapid)"]
[EventRounds "13"]
[EventCountry "POL"]
[SourceTitle "CBM 145 Extra"]
[Source "ChessBase"]
[SourceDate "2012.01.03"]
[SourceVersion "1"]
[SourceVersionDate "2012.01.03"]
[SourceQuality "1"]

1. e4 c5 2. Nc3 Nc6 3. f4 g6 4. Nf3 Bg7 5. Bc4 d6 6. d3 Nf6 7. 0-0 0-0 8. f5 gxf5 9. Qe1 Nd4 10. Qg3 Kh8 11. Ng5 Qe8 12. exf5 b5 13. Bb3 b4 14. Nd5 Ne2+ 0-1

[Event "Lublin Region-ch"]
[Site "Lublin"]
[Date "2008.02.17"]
[Round "9.6"]
[White "Praszak, Michal"]
[Black "Probola, Bartosz"]
[Result "1-0"]
[WhiteElo "2236"]
[BlackElo "2089"]
[PlyCount "107"]
[EventDate "2008.02.08"]
[EventType "swiss"]
[EventRounds "9"]
[EventCountry "POL"]
[SourceTitle "EXT 2023"]
[Source "ChessBase"]
[SourceDate "2022.10.05"]
[SourceVersion "1"]
[SourceVersionDate "2022.10.05"]
[SourceQuality "1"]

1. d4 Nf6 2. Nf3 b6 3. g3 Bb7 4. Bg2 g6 5. 0-0 Bg7 6. c4 d6 7. Nc3 Nbd7 8. Qc2 0-0 9. Bg5 h6 10. Bf4 Nh5 11. Be3 e6 12. Rad1 Qe7 13. Rfe1 g5 14. Nxg5 hxg5 15. Bxb7 f5 16. Bf3 f4 17. Bc1 Qf7 18. g4 Nhf6 19. Ne4 Nxe4 20. Qxe4 Rad8 21. Qc6 Nb8 22. Qa4 c5 23. dxc5 dxc5 24. Rxd8 Rxd8 25. Rd1 Bd4 26. Kg2 Qd7 27. Qc2 Qh7 28. Qxh7+ Kxh7 29. e3 fxe3 30. Bxe3 Kg6 31. Be4+ Kf6 32. b4 Ke5 33. Bf3 Rg8 34. Bd2 cxb4 35. Bxb4 Rg7 36. Ba3 Rc7 37. Re1+ Kf6 38. Bd6 Rc8 39. Bb7 Rd8 40. Bg3 Nd7 41. f4 Nc5 42. fxg5+ Kxg5 43. Bf3 Bf6 44. h4+ Kg6 45. Rd1 Na4 46. g5 Nc3 47. Re1 Rd2+ 48. Kh3 Bxg5 49. hxg5 Kxg5 50. Rxe6 Rxa2 51. Be5 Ra3 52. Bd6 Ne2 53. Re5+ Kf6 54. Bxa3 1-0

[Event "Lublin Region-ch"]
[Site "Lublin"]
[Date "2008.02.15"]
[Round "6.4"]
[White "Probola, Bartosz"]
[Black "Dziubinski, Pawel"]
[Result "0-1"]
[WhiteElo "2089"]
[BlackElo "2024"]
[PlyCount "50"]
[EventDate "2008.02.08"]
[EventType "swiss"]
[EventRounds "9"]
[EventCountry "POL"]
[SourceTitle "EXT 2023"]
[Source "ChessBase"]
[SourceDate "2022.10.05"]
[SourceVersion "1"]
[SourceVersionDate "2022.10.05"]
[SourceQuality "1"]

1. b3 d5 2. Bb2 Nf6 3. Nc3 g6 4. e4 dxe4 5. Nxe4 Bg7 6. Qe2 0-0 7. g3 c6 8. Bg2 Bf5 9. d3 Nxe4 10. Bxg7 Qa5+ 11. Kd1 Nxf2+ 12. Qxf2 Kxg7 13. Ne2 Na6 14. g4 Be6 15. Qe3 Rfd8 16. h3 Rd6 17. Qd2 Qa3 18. Rf1 Rad8 19. Rf4 Kg8 20. Qc3 Qc5 21. Qxc5 Nxc5 22. a4 Bxb3 23. cxb3 Nxd3 24. Rc4 Nf4+ 25. Ke1 Nxg2+ 0-1

[Event "Lublin Region-ch"]
[Site "Lublin"]
[Date "2008.02.09"]
[Round "1.8"]
[White "Probola, Bartosz"]
[Black "Blaszczak, Jan"]
[Result "1-0"]
[WhiteElo "2089"]
[BlackElo "1689"]
[PlyCount "39"]
[EventDate "2008.02.08"]
[EventType "swiss"]
[EventRounds "9"]
[EventCountry "POL"]
[SourceTitle "EXT 2023"]
[Source "ChessBase"]
[SourceDate "2022.10.05"]
[SourceVersion "1"]
[SourceVersionDate "2022.10.05"]
[SourceQuality "1"]

1. Nc3 d5 2. e4 d4 3. Nce2 e5 4. d3 c5 5. f4 Bg4 6. h3 Qh4+ 7. g3 Qh5 8. Bg2 Bd7 9. Nf3 f6 10. fxe5 Nc6 11. Nf4 Qf7 12. 0-0 c4 13. Nd5 Be6 14. Ng5 fxg5 15. Rxf7 Kxf7 16. Qf3+ Kg6 17. Nc7 Nxe5 18. Qe2 cxd3 19. cxd3 Bf7 20. Nxa8 1-0

[Event "Augustow op"]
[Site "Augustow"]
[Date "2004.??.??"]
[Round "6"]
[White "Malaniuk, Vladimir P"]
[Black "Probola, Bartosz"]
[Result "1-0"]
[WhiteElo "2555"]
[BlackElo "2075"]
[PlyCount "75"]
[EventDate "2004.08.??"]
[EventType "swiss"]
[EventRounds "9"]
[EventCountry "POL"]
[SourceTitle "EXT 2008"]
[Source "ChessBase"]
[SourceDate "2007.11.25"]
[SourceVersion "1"]
[SourceVersionDate "2007.11.25"]
[SourceQuality "1"]

1. c4 Nf6 2. Nf3 e6 3. Nc3 d5 4. d4 Bb4 5. Qa4+ Nc6 6. cxd5 Nxd5 7. Qc2 0-0 8. a3 Ba5 9. b4 Bb6 10. e3 Nxc3 11. Qxc3 a5 12. Bd2 axb4 13. axb4 Rxa1+ 14. Qxa1 Bd7 15. Bd3 Ne7 16. Qb1 h6 17. Ne5 f6 18. Nxd7 Qxd7 19. 0-0 Rd8 20. Rd1 g5 21. Bc4 Kg7 22. Qb3 Nd5 23. b5 Kf7 24. e4 Ne7 25. Be3 Qd6 26. g3 Ng6 27. Rd2 Re8 28. d5 e5 29. Bxb6 cxb6 30. Be2 Rc8 31. Bg4 Rc1+ 32. Kg2 Nf8 33. Bf5 Rc5 34. Ra2 Kg7 35. Ra7 Rc7 36. Qa3 Qxa3 37. Rxa3 Rf7 38. Rc3 1-0

[Event "Augustow op"]
[Site "Augustow"]
[Date "2004.??.??"]
[Round "7"]
[White "Probola, Bartosz"]
[Black "Pileckis, Emilis"]
[Result "1-0"]
[WhiteElo "2075"]
[BlackElo "2219"]
[PlyCount "69"]
[EventDate "2004.08.??"]
[EventType "swiss"]
[EventRounds "9"]
[EventCountry "POL"]
[SourceTitle "EXT 2008"]
[Source "ChessBase"]
[SourceDate "2007.11.25"]
[SourceVersion "1"]
[SourceVersionDate "2007.11.25"]
[SourceQuality "1"]

1. e4 c5 2. Nc3 Nc6 3. f4 g6 4. Nf3 Bg7 5. Bc4 e6 6. f5 Nge7 7. fxe6 dxe6 8. a3 0-0 9. d3 a6 10. 0-0 b5 11. Ba2 Bb7 12. Qe1 Nd4 13. Nxd4 cxd4 14. Ne2 Rc8 15. Bg5 h6 16. Bd2 Rxc2 17. Bb3 Rc8 18. Qh4 Nc6 19. Qh3 Na5 20. Bd1 g5 21. Ng3 Nc6 22. Nh5 Qe7 23. Bb3 Rc7 24. Rae1 Be5 25. Re2 Bc8 26. Qg4 Kh7 27. Ng3 f6 28. h4 Qd6 29. hxg5 Bxg3 30. g6+ Kg7 31. Rf3 Bh2+ 32. Kh1 h5 33. Qh4 Be5 34. g4 hxg4 35. Qh7# 1-0

[Event "Golden Rook op"]
[Site "Chotowa"]
[Date "2003.05.13"]
[Round "8"]
[White "Rogala, Robert"]
[Black "Probola, Bartosz"]
[Result "0-1"]
[WhiteElo "1800"]
[BlackElo "1987"]
[PlyCount "54"]
[EventDate "2003.05.??"]
[EventType "swiss"]
[EventRounds "9"]
[EventCountry "POL"]
[SourceTitle "EXT 2005"]
[Source "ChessBase"]
[SourceDate "2004.11.15"]
[SourceVersion "1"]
[SourceVersionDate "2004.11.15"]
[SourceQuality "1"]

1. d4 Nf6 2. c4 e6 3. Nc3 Bb4 4. e3 0-0 5. Nf3 b6 6. Bd2 Bb7 7. Be2 d6 8. 0-0 Bxc3 9. Bxc3 Ne4 10. Qc2 f5 11. Nd2 Qg5 12. f4 Qh4 13. Bf3 d5 14. cxd5 exd5 15. Bb4 Rf7 16. Rac1 a5 17. Bc3 Ba6 18. Rfe1 Bd3 19. Qxd3 Qf2+ 20. Kh1 Qxe1+ 21. Rxe1 Nf2+ 22. Kg1 Nxd3 23. Rb1 c6 24. a3 b5 25. Nf1 Re7 26. g3 b4 27. Bd2 Rb7 0-1

[Event "Golden Rook op"]
[Site "Chotowa"]
[Date "2003.05.12"]
[Round "7"]
[White "Probola, Bartosz"]
[Black "Jedrzejewski, Kamil"]
[Result "1-0"]
[WhiteElo "1987"]
[BlackElo "1800"]
[PlyCount "91"]
[EventDate "2003.05.??"]
[EventType "swiss"]
[EventRounds "9"]
[EventCountry "POL"]
[SourceTitle "EXT 2005"]
[Source "ChessBase"]
[SourceDate "2004.11.15"]
[SourceVersion "1"]
[SourceVersionDate "2004.11.15"]
[SourceQuality "1"]

1. e4 e6 2. d4 d5 3. Be3 dxe4 4. c3 Nf6 5. Nd2 Be7 6. g3 b6 7. Bg2 Bb7 8. Qc2 Nbd7 9. Ne2 c5 10. Nxe4 Nxe4 11. Bxe4 Bxe4 12. Qxe4 0-0 13. 0-0-0 Nf6 14. Qc2 Qc7 15. f3 c4 16. h4 Nd5 17. Bd2 b5 18. Nf4 a5 19. Nxd5 exd5 20. g4 b4 21. Qf5 Qc6 22. Rde1 Ra7 23. h5 f6 24. Re6 Qb5 25. Rhe1 Rf7 26. f4 bxc3 27. Bxc3 a4 28. a3 Rb7 29. R1e2 Bf8 30. Re8 Rbe7 31. R2xe7 Rxe7 32. Rxe7 Bxe7 33. Qe6+ Kf8 34. Bd2 h6 35. Qc8+ Kf7 36. Qf5 Kf8 37. g5 hxg5 38. fxg5 Qc6 39. h6 Kg8 40. Qg6 Bf8 41. Bb4 Qc8 42. gxf6 Qh3 43. f7+ Kh8 44. hxg7+ Bxg7 45. Qxg7+ Kxg7 46. f8Q+ 1-0

[Event "Golden Rook op"]
[Site "Chotowa"]
[Date "2003.05.08"]
[Round "3"]
[White "Sieron, Arkadiusz"]
[Black "Probola, Bartosz"]
[Result "1/2-1/2"]
[WhiteElo "1800"]
[BlackElo "1987"]
[PlyCount "68"]
[EventDate "2003.05.??"]
[EventType "swiss"]
[EventRounds "9"]
[EventCountry "POL"]
[SourceTitle "EXT 2005"]
[Source "ChessBase"]
[SourceDate "2004.11.15"]
[SourceVersion "1"]
[SourceVersionDate "2004.11.15"]
[SourceQuality "1"]

1. e4 c5 2. Nc3 Nc6 3. Bb5 g6 4. Bxc6 bxc6 5. f4 Bg7 6. Nf3 d5 7. d3 e6 8. 0-0 Ne7 9. Qe1 Ba6 10. e5 d4 11. Ne4 c4 12. Nd6+ Kf8 13. Ng5 cxd3 14. Ndxf7 Qd5 15. Nxh8 h6 16. cxd3 hxg5 17. fxg5+ Kg8 18. Nf7 Bxd3 19. Rf4 Nf5 20. Nh6+ Nxh6 21. gxh6 Qxe5 22. Bd2 Qxe1+ 23. Rxe1 Bxh6 24. Rf2 Bxd2 25. Rxd2 Bc4 26. b3 Bd5 27. Rxd4 Kf7 28. Rf1+ Ke7 29. Rg4 Rg8 30. Ra4 Ra8 31. g3 e5 32. Rh4 a6 33. Rh7+ Kd6 34. Rg7 Be4 1/2-1/2